Southville International School and Colleges
Your cart is empty.
  • Cart
  • Lists
    Public lists Eva Luna New books Lux_list list_1
    Your lists Log in to create your own lists
  • Log in to your account
  • Your cookies
  • Search history
Southville International School and Colleges
  • Advanced search
  • Recent comments
  • Most popular
  • Libraries

Log in to your account

Log in with GOOGLE


If you do not have an external account, but do have a local account, you can still log in:

  1. Home
  2. MARC view: The law on negotiable instruments :
Normal view MARC view ISBD view

The law on negotiable instruments : (Record no. 17007)

[ view plain ]
MARC details
000 -LEADER
fixed length control field 00898cam a22003134a 4500
001 - CONTROL NUMBER
control field 15966688
003 - CONTROL NUMBER IDENTIFIER
control field OSt
005 - DATE AND TIME OF LATEST TRANSACTION
control field 20140310182854.0
008 - FIXED-LENGTH DATA ELEMENTS--GENERAL INFORMATION
fixed length control field 091029s2009 ph l 001 0 eng
010 ## - LIBRARY OF CONGRESS CONTROL NUMBER
LC control number 2009516470
020 ## - INTERNATIONAL STANDARD BOOK NUMBER
International Standard Book Number 9789712353376
040 ## - CATALOGING SOURCE
Original cataloging agency DLC
Transcribing agency DLC
042 ## - AUTHENTICATION CODE
Authentication code lcode
043 ## - GEOGRAPHIC AREA CODE
Geographic area code a-ph---
050 00 - LIBRARY OF CONGRESS CALL NUMBER
Classification number KPM 880
Item number .D4 2011
100 1# - MAIN ENTRY--PERSONAL NAME
Personal name De Leon, Hector S.
245 14 - TITLE STATEMENT
Title The law on negotiable instruments :
Remainder of title with documents of title /
Statement of responsibility, etc Hector S. De Leon.
250 ## - EDITION STATEMENT
Edition statement 2009 ed.
260 ## - PUBLICATION, DISTRIBUTION, ETC. (IMPRINT)
Place of publication, distribution, etc Manila, Philippines :
Name of publisher, distributor, etc Published & distributed by Rex Book Store,
Date of publication, distribution, etc 2011.
300 ## - PHYSICAL DESCRIPTION
Extent 413 p. ;
Dimensions 23 cm.
500 ## - GENERAL NOTE
General note Includes indexes.
521 ## - TARGET AUDIENCE NOTE
Target audience note
650 #0 - SUBJECT ADDED ENTRY--TOPICAL TERM
Topical term or geographic name as entry element Negotiable instruments
Geographic subdivision Philippines.
906 ## - LOCAL DATA ELEMENT F, LDF (RLIN)
a 7
b cbc
c origode
d 2
e ncip
f 20
g y-gencatlg
942 ## - ADDED ENTRY ELEMENTS (KOHA)
Source of classification or shelving scheme Library of Congress Classification
Koha item type Books
Call number prefix Local
Holdings
Withdrawn status Lost status Source of classification or shelving scheme Damaged status Home library Current library Shelving location Date acquired Source of acquisition Total Checkouts Total Renewals Full call number Barcode Date last seen Date checked out Copy number Price effective from Koha item type
    Library of Congress Classification   College Library College Library Filipiniana Section 01/06/2014 Library Fund 15 123 KPM 880 .D4 2011 C16634 12/18/2020 11/25/2020 2 01/06/2014 Books

The law on negotiable instruments :

APA

De Leon H. S., . (2011). The law on negotiable instruments. Manila, Philippines: Published & distributed by Rex Book Store.

Chicago

De Leon Hector S, . 2011. The law on negotiable instruments. Manila, Philippines: Published & distributed by Rex Book Store.

Harvard

De Leon H. S., . (2011). The law on negotiable instruments. Manila, Philippines: Published & distributed by Rex Book Store.

MLA

De Leon Hector S, . The law on negotiable instruments. Manila, Philippines: Published & distributed by Rex Book Store. 2011.

  • Place hold
  • Print
  • Cite
  • Add to your cart (remove)
  • Save record
    BIBTEX Dublin Core MARCXML MARC (non-Unicode/MARC-8) MARC (Unicode/UTF-8) MARC (Unicode/UTF-8, Standard) MODS (XML) RIS
  • More searches
    Search for this title in:
    Other Libraries (WorldCat) Other Databases (Google Scholar) Online Stores (Bookfinder.com) Open Library (openlibrary.org)

Exporting to Dublin Core...

SOUTHVILLE LIBRARY

Southville International School and Colleges Library

1281 Tropical Ave. Cor. Luxembourg St., BF Homes International, Las Pinas City

Tel. No. 8256374 / 252358 Loc. 117/146

Powered by Koha